[Event "Mittelrhein Regionalliga 1920"]
[Site "Mittelrhein"]
[Date "2019.12.08"]
[Round "4.1"]
[White "Kneutgen, Alexander"]
[Black "Lunnebach, Oliver"]
[Result "1/2-1/2"]
[WhiteElo "1944"]
[BlackElo "2154"]
[PlyCount "138"]
[EventDate "2019.09.29"]
[EventType "team-tourn"]
[EventRounds "9"]
[EventCountry "GER"]
[SourceTitle "EXT 2023"]
[Source "ChessBase"]
[SourceDate "2022.10.05"]
[SourceVersion "1"]
[SourceVersionDate "2022.10.05"]
[SourceQuality "1"]
[WhiteTeam "Niederkassel II"]
[BlackTeam "Kalker/Deutzer SG"]
[WhiteTeamCountry "GER"]
[BlackTeamCountry "GER"]

1. Nf3 c5 2. g3 Nc6 3. Bg2 g6 4. 0-0 Bg7 5. d3 e5 6. e4 Nge7 7. Nc3 0-0 8. Be3 Nd4 9. Ne2 d6 10. c3 Nxf3+ 11. Bxf3 Bh3 12. Bg2 Bxg2 13. Kxg2 f5 14. d4 cxd4 15. cxd4 fxe4 16. dxe5 Bxe5 17. Nf4 Qd7 18. Nd5 Rf7 19. Rc1 Nc6 20. b4 Bg7 21. b5 Ne5 22. b6 Nd3 23. Rc7 Qe6 24. Rxf7 Qxf7 25. Nc7 Rc8 26. Qg4 Rf8 27. Qxe4 Nc5 28. Qd5 axb6 29. Qxf7+ Kxf7 30. Rb1 Rb8 31. Rxb6 Bf8 32. Bxc5 dxc5 33. Na6 Ra8 34. Rxb7+ Kf6 35. Nb8 Bd6 36. Nd7+ Ke6 37. Nb6 Rxa2 38. Rxh7 Be5 39. Rh4 g5 40. Rh6+ Kf5 41. Rh7 Rc2 42. Rf7+ Ke6 43. Rf8 c4 44. Rc8 c3 45. Re8+ Kf5 46. Nc4 Bd4 47. Nd6+ Kg6 48. Re6+ Kh5 49. Ne4 Kg4 50. Re8 Kf5 51. Nd6+ Kf6 52. Ne4+ Kg6 53. Rc8 Kf5 54. Re8 Be5 55. Kf3 g4+ 56. Ke3 Rc1 57. Rf8+ Ke6 58. Kd3 Rd1+ 59. Kc2 Rd4 60. Nc5+ Ke7 61. Rf5 Rd2+ 62. Kc1 Re2 63. Nd3 Bd6 64. Ra5 Rd2 65. Nc5 Rxf2 66. Ne4 Rxh2 67. Nxd6 Kxd6 68. Rg5 Rg2 69. Rxg4 Ke5 1/2-1/2

[Event "Mittelrhein Verbandsliga-S 18/19"]
[Site "Nordrheinwestfalen"]
[Date "2019.02.10"]
[Round "7.1"]
[White "Hemmann, Arnold"]
[Black "Kneutgen, Alexander"]
[Result "1/2-1/2"]
[WhiteElo "2084"]
[BlackElo "1924"]
[PlyCount "29"]
[EventDate "2018.09.02"]
[EventType "team-tourn"]
[EventRounds "11"]
[EventCountry "GER"]
[SourceTitle "EXT 2022"]
[Source "ChessBase"]
[SourceDate "2021.10.06"]
[SourceVersion "1"]
[SourceVersionDate "2021.10.06"]
[SourceQuality "1"]
[WhiteTeam "Rheinbacher SF"]
[BlackTeam "Niederkassel II"]
[WhiteTeamCountry "GER"]
[BlackTeamCountry "GER"]

1. e4 e6 2. b3 d5 3. Bb2 Nf6 4. e5 Nfd7 5. Qg4 Nc6 6. f4 g6 7. Nf3 Bg7 8. h4 h5 9. Qh3 Nc5 10. Ba3 Bf8 11. Ng5 Ne4 12. Nxe4 dxe4 13. Bxf8 Rxf8 14. Nc3 f5 15. exf6 1/2-1/2

[Event "Mittelrhein Verbandsliga-S 18/19"]
[Site "Nordrheinwestfalen"]
[Date "2018.11.18"]
[Round "4.1"]
[White "Kneutgen, Alexander"]
[Black "Fuss, Jean Pierre"]
[Result "1/2-1/2"]
[WhiteElo "1924"]
[BlackElo "2000"]
[PlyCount "84"]
[EventDate "2018.09.02"]
[EventType "team-tourn"]
[EventRounds "11"]
[EventCountry "GER"]
[SourceTitle "EXT 2022"]
[Source "ChessBase"]
[SourceDate "2021.10.06"]
[SourceVersion "1"]
[SourceVersionDate "2021.10.06"]
[SourceQuality "1"]
[WhiteTeam "Niederkassel II"]
[BlackTeam "St Augustin Turm"]
[WhiteTeamCountry "GER"]
[BlackTeamCountry "GER"]

1. Nf3 Nf6 2. g3 d6 3. Bg2 c5 4. 0-0 g6 5. d3 Bg7 6. e4 Nc6 7. c3 0-0 8. Nbd2 e5 9. a3 a5 10. a4 Qc7 11. Qe2 Rd8 12. Nc4 d5 13. Na3 h6 14. h3 Be6 15. Nh2 dxe4 16. dxe4 Qd7 17. g4 Qd3 18. Qxd3 Rxd3 19. Be3 b6 20. Rfd1 Rxd1+ 21. Rxd1 Bb3 22. Rd6 Bxa4 23. g5 Ne8 24. Rd2 hxg5 25. Bxg5 f6 26. Be3 Kf8 27. Nc4 Rd8 28. Rxd8 Nxd8 29. Nxb6 Bc6 30. Bxc5+ Kf7 31. Nc4 Nb7 32. Ba3 Nc7 33. Nd6+ Nxd6 34. Bxd6 Ne6 35. f3 Bh6 36. Ng4 Bf4 37. Bf1 Kg7 38. Bc4 Bd7 39. Bxe6 Bxe6 40. Kg2 Bc1 41. Ba3 Kf7 42. h4 Bc4 1/2-1/2

[Event "Mittelrhein Verbandsliga-S 18/19"]
[Site "Nordrheinwestfalen"]
[Date "2018.10.28"]
[Round "3.1"]
[White "Richter, Dirk"]
[Black "Kneutgen, Alexander"]
[Result "1-0"]
[WhiteElo "2043"]
[BlackElo "1924"]
[PlyCount "95"]
[EventDate "2018.09.02"]
[EventType "team-tourn"]
[EventRounds "11"]
[EventCountry "GER"]
[SourceTitle "EXT 2022"]
[Source "ChessBase"]
[SourceDate "2021.10.06"]
[SourceVersion "1"]
[SourceVersionDate "2021.10.06"]
[SourceQuality "1"]
[WhiteTeam "Siebengebirge"]
[BlackTeam "Niederkassel II"]
[WhiteTeamCountry "GER"]
[BlackTeamCountry "GER"]

1. c4 e5 2. g3 Nc6 3. Bg2 g6 4. Nc3 Bg7 5. e4 d6 6. Nge2 f5 7. f4 Nf6 8. 0-0 0-0 9. d3 Be6 10. Nd5 Nd4 11. Nxf6+ Bxf6 12. Nxd4 exd4 13. exf5 Bxf5 14. Bxb7 Rb8 15. Qf3 Kh8 16. Be4 Qd7 17. Bxf5 Qxf5 18. b3 Qa5 19. Rf2 Qe1+ 20. Kg2 Rbe8 21. Bb2 Qe3 22. Rd1 Qe6 23. Kf1 Qh3+ 24. Qg2 Qd7 25. Bc1 Bg7 26. Re2 Rxe2 27. Qxe2 Re8 28. Qf3 h5 29. Bd2 Bf6 30. Re1 Rxe1+ 31. Bxe1 Kg7 32. Qb7 Kh6 33. Bf2 Qg4 34. Ke1 Qh3 35. Qxc7 Qe6+ 36. Kd2 h4 37. Qc6 hxg3 38. hxg3 g5 39. Qe4 Qh3 40. Bxd4 Qh2+ 41. Kc1 Bxd4 42. fxg5+ Kxg5 43. Qf4+ Kg6 44. Qxd4 Qxg3 45. Kb2 a5 46. Ka3 Qh2 47. Qb6 Qe5 48. d4 1-0

[Event "Arber op 7th"]
[Site "Bodenmais"]
[Date "2018.08.03"]
[Round "7"]
[White "Tober, Julian"]
[Black "Kneutgen, Alexander"]
[Result "1-0"]
[WhiteElo "1820"]
[BlackElo "1933"]
[PlyCount "73"]
[EventDate "2018.07.28"]
[EventType "swiss"]
[EventRounds "9"]
[EventCountry "GER"]
[SourceTitle "CBM 185 Extra"]
[Source "ChessBase"]
[SourceDate "2018.07.29"]
[SourceVersion "1"]
[SourceVersionDate "2018.07.29"]
[SourceQuality "1"]

1. e4 e6 2. d4 d5 3. Nc3 h6 4. exd5 exd5 5. Bd3 Nf6 6. Nge2 c6 7. 0-0 Bd6 8. Bf4 0-0 9. Re1 Bg4 10. Qd2 Bxf4 11. Nxf4 Qd6 12. h3 Bd7 13. Re5 Na6 14. Rae1 Nc7 15. Nce2 Be6 16. Ng3 Nd7 17. Rh5 Nf6 18. Nxe6 fxe6 19. Rxh6 gxh6 20. Qxh6 Qd7 21. Re5 Nce8 22. Rg5+ Ng7 23. Bg6 Rf7 24. Nh5 Nfxh5 25. Qh7+ Kf8 26. Qh8+ Ke7 27. Qxa8 Rf8 28. Qxa7 Nf4 29. Bd3 Kf6 30. Rg3 Nf5 31. Rf3 Qc7 32. Bxf5 exf5 33. Qa3 Rg8 34. Qe3 Nxg2 35. Qh6+ Rg6 36. Qf8+ Qf7 37. Rxf5+ 1-0

[Event "Mittelrhein Verbandsliga-S 17/18"]
[Site "Nordrheinwestfalen"]
[Date "2017.12.03"]
[Round "5.2"]
[White "Mandt, Mathias"]
[Black "Kneutgen, Alexander"]
[Result "1-0"]
[WhiteElo "2014"]
[BlackElo "1907"]
[PlyCount "55"]
[EventDate "2017.09.10"]
[EventType "team-tourn"]
[EventRounds "11"]
[EventCountry "GER"]
[SourceTitle "EXT 2022"]
[Source "ChessBase"]
[SourceDate "2021.10.06"]
[SourceVersion "1"]
[SourceVersionDate "2021.10.06"]
[SourceQuality "1"]
[WhiteTeam "Koeln Lasker II"]
[BlackTeam "Niederkassel II"]
[WhiteTeamCountry "GER"]
[BlackTeamCountry "GER"]

1. d4 Nf6 2. c4 g6 3. Nc3 d5 4. cxd5 Nxd5 5. e4 Nxc3 6. bxc3 Bg7 7. Bc4 0-0 8. Ne2 c5 9. Be3 Nc6 10. Rc1 Qc7 11. h4 Rd8 12. h5 Ne5 13. Bb3 c4 14. Bc2 Bg4 15. hxg6 fxg6 16. f3 Bxf3 17. gxf3 Nxf3+ 18. Kf2 Rf8 19. Kg2 Qd7 20. Rh3 Qg4+ 21. Rg3 Qh5 22. Nf4 Nh4+ 23. Kg1 Qa5 24. Qg4 Qxc3 25. Ne6 Rad8 26. Nxg7 Rxd4 27. Qxh4 Rd6 28. Nf5 1-0

[Event "Arber op 6th"]
[Site "Bodenmais"]
[Date "2017.08.02"]
[Round "5"]
[White "Kneutgen, Alexander"]
[Black "Bauer, Werner1"]
[Result "1-0"]
[WhiteElo "2012"]
[BlackElo "1888"]
[PlyCount "115"]
[EventDate "2017.07.29"]
[EventType "swiss"]
[EventRounds "9"]
[EventCountry "GER"]
[SourceTitle "CBM 179 Extra"]
[Source "ChessBase"]
[SourceDate "2017.08.23"]
[SourceVersion "1"]
[SourceVersionDate "2017.08.23"]
[SourceQuality "1"]

1. Nf3 f5 2. d3 Nc6 3. e4 e5 4. Nc3 Nf6 5. exf5 d5 6. d4 exd4 7. Nxd4 Nxd4 8. Qxd4 Bxf5 9. Bg5 Be7 10. 0-0-0 c6 11. Qe5 Qd7 12. Bxf6 gxf6 13. Qd4 b6 14. Bd3 0-0-0 15. Rhe1 Bxd3 16. Qxd3 Rdg8 17. g3 h5 18. Ne2 h4 19. Nd4 Bc5 20. Re2 Re8 21. Rxe8+ Qxe8 22. c4 hxg3 23. hxg3 dxc4 24. Qxc4 Qe4 25. Qa4 Bxd4 26. Qxd4 Qxd4 27. Rxd4 Kc7 28. Kd2 Rh5 29. Ke3 Re5+ 30. Kd3 Ra5 31. a3 Rb5 32. b4 c5 33. Rf4 cxb4 34. axb4 f5 35. Rd4 Kc6 36. Kc4 a5 37. bxa5 Rxa5 38. Rh4 Ra2 39. Rh6+ Kb7 40. f4 Rg2 41. Rg6 Ka6 42. Kd4 Re2 43. Rg5 Re4+ 44. Kd3 Rb4 45. Kc3 Re4 46. Kd2 Rd4+ 47. Ke3 Rc4 48. Rxf5 Rc3+ 49. Kf2 b5 50. g4 b4 51. Rf8 Kb5 52. g5 Rc6 53. Ke3 Kc4 54. Rb8 Re6+ 55. Kf3 Re1 56. g6 Re7 57. Kg4 b3 58. f5 1-0

[Event "Mittelrhein Verbandsliga-O 16/17"]
[Site "Nordrheinwestfalen"]
[Date "2017.04.30"]
[Round "11.6"]
[White "Kneutgen, Alexander"]
[Black "Bartl, Dirk"]
[Result "1/2-1/2"]
[WhiteElo "1944"]
[BlackElo "1779"]
[PlyCount "28"]
[EventDate "2016.09.11"]
[EventType "team-tourn"]
[EventRounds "11"]
[EventCountry "GER"]
[SourceTitle "EXT 2022"]
[Source "ChessBase"]
[SourceDate "2021.10.06"]
[SourceVersion "1"]
[SourceVersionDate "2021.10.06"]
[SourceQuality "1"]
[WhiteTeam "Niederkassel II"]
[BlackTeam "Troisdorf"]
[WhiteTeamCountry "GER"]
[BlackTeamCountry "GER"]

1. e4 e6 2. d4 d5 3. Nd2 Nf6 4. e5 Nfd7 5. c3 c5 6. Bd3 Nc6 7. Ngf3 Qb6 8. 0-0 cxd4 9. cxd4 Be7 10. a3 g5 11. Nb3 h6 12. h3 Rg8 13. Bh7 Rg7 14. Bc2 Nf8 1/2-1/2

[Event "Mittelrhein Verbandsliga-O 16/17"]
[Site "Nordrheinwestfalen"]
[Date "2017.03.19"]
[Round "9.5"]
[White "Schild, Willi"]
[Black "Kneutgen, Alexander"]
[Result "0-1"]
[WhiteElo "1856"]
[BlackElo "1927"]
[PlyCount "76"]
[EventDate "2016.09.11"]
[EventType "team-tourn"]
[EventRounds "11"]
[EventCountry "GER"]
[SourceTitle "EXT 2022"]
[Source "ChessBase"]
[SourceDate "2021.10.06"]
[SourceVersion "1"]
[SourceVersionDate "2021.10.06"]
[SourceQuality "1"]
[WhiteTeam "Siebengebirge"]
[BlackTeam "Niederkassel II"]
[WhiteTeamCountry "GER"]
[BlackTeamCountry "GER"]

1. d4 Nf6 2. Nf3 g6 3. Bf4 Bg7 4. e3 0-0 5. Be2 d6 6. h3 b6 7. 0-0 Bb7 8. a4 a5 9. Na3 Nbd7 10. c3 Re8 11. Nc4 Ne4 12. Bh2 e5 13. Re1 Ng5 14. Nxg5 Qxg5 15. Bf3 e4 16. Be2 Qe7 17. Qb3 Kh8 18. Na3 f5 19. Nb5 Nf8 20. Bc4 Red8 21. Qa3 Ba6 22. Bd5 Bxb5 23. Bxa8 Bd3 24. Bc6 g5 25. Bb5 Bxb5 26. axb5 Ng6 27. b4 Rf8 28. bxa5 bxa5 29. b6 f4 30. b7 f3 31. Qxa5 fxg2 32. Reb1 Nh4 33. b8Q Qe6 34. Qaa8 Nf3+ 35. Kxg2 Nh4+ 36. Kh1 Qf5 37. Qxf8+ Bxf8 38. Be5+ dxe5 0-1

[Event "Mittelrhein Verbandsliga Ost 1415"]
[Site "Mittelrhein"]
[Date "2014.12.07"]
[Round "5.3"]
[White "Kneutgen, Alexander"]
[Black "Krebs, Dietmar"]
[Result "1/2-1/2"]
[WhiteElo "1976"]
[BlackElo "1912"]
[PlyCount "55"]
[EventDate "2014.09.07"]
[EventType "team-tourn"]
[EventRounds "11"]
[EventCountry "GER"]
[SourceTitle "EXT 2023"]
[Source "ChessBase"]
[SourceDate "2022.10.05"]
[SourceVersion "1"]
[SourceVersionDate "2022.10.05"]
[SourceQuality "1"]
[WhiteTeam "Niederkassel II"]
[BlackTeam "Koeln Lasker II"]
[WhiteTeamCountry "GER"]
[BlackTeamCountry "GER"]

1. e4 c5 2. Nc3 Nc6 3. g3 g6 4. Bg2 Bg7 5. d3 e6 6. Be3 Nd4 7. Qd2 Ne7 8. Nd1 d6 9. c3 Ndc6 10. Bh6 0-0 11. Nf3 d5 12. Bxg7 Kxg7 13. e5 d4 14. 0-0 h6 15. Re1 Rb8 16. c4 b5 17. b3 bxc4 18. dxc4 f6 19. Nb2 f5 20. Nd3 Qb6 21. h4 Nb4 22. Nxb4 Qxb4 23. Qxb4 Rxb4 24. Re2 Bb7 25. Ne1 Bxg2 26. Kxg2 Rb6 27. Nd3 Rc6 28. Rb2 1/2-1/2